000 00604nam a22001577a 4500
003 OSt
005 20150927151921.0
008 150927b xxu||||| |||| 00| 0 eng d
040 _cRUA
082 _aAGR VEN 2011 B050 Or.1
100 _91430
_aVENN, SAMPHORS
245 _aEffect of nitrogen fertilizer on cucumber yeild ឥទ្ធិពលនៃការប្រើប្រាស់កំរិតជីអាសូតខុសៗគ្នាទៅលើទិន្នផលដំណាំត្រសក់
260 _aPhnom Penh
_bRUA
_c2011
300 _ax, 34p.
_bill.
_c29cm.
942 _2ddc
_cAGR
999 _c1345
_d1345